[Event "Sonsbeek SNS"]
[Site "Arnhem"]
[Date "1999.05.08"]
[Round "6"]
[White "Kortschnoj, Viktor Lvovich"]
[Black "Nijboer, Friso"]
[Result "1-0"]
[WhiteElo "2673"]
[BlackElo "2515"]
[Annotator "Krasenkow,M"]
[PlyCount "101"]
[EventDate "1999.05.??"]
[EventType "tourn"]
[EventRounds "6"]
[EventCountry "NED"]
[EventCategory "14"]
[SourceTitle "CBM 071"]
[Source "ChessBase"]
[SourceDate "1999.08.01"]
[SourceVersion "1"]
[SourceVersionDate "1999.08.01"]
[SourceQuality "1"]

1. d4 Nf6 2. c4 g6 3. Nc3 d5 4. cxd5 Nxd5 5. Bd2 Bg7 6. e4 Nb6 7. Be3 O-O 8.
Nf3 Bg4 9. Be2 Bxf3 (9... Nc6 10. d5 Bxf3 11. Bxf3 Ne5 12. Be2 c6 $6 (12...
Nec4 13. Bc1 e6 14. dxe6 Qxd1+ 15. Bxd1 fxe6 16. Bb3 Kf7 $11) 13. Qb3 $1 cxd5
14. Rd1 $1 Nc6 (14... Rc8 $1 15. Nxd5 Nxd5 16. Rxd5 Qc7 17. Bxa7 Qc2 $132 {
Ftacnik}) 15. exd5 Na5 16. Qb4 Nc8 17. O-O Nd6 18. Nb5 $1 b6 19. Nxd6 exd6 20.
Ba6 $1 Re8 21. Qa3 $16 {1-0 Bagirov,V-Minzer,C/Linares 1997 (40)}) 10. Bxf3 c5
(10... Nc6 11. d5 {-9...Nc6}) 11. d5 Nc4 12. Bc1 Nd7 (12... e5 $5 13. dxe6 fxe6
14. Qb3 Ne5 15. Qxe6+ Kh8 16. Be2 Nd3+) 13. O-O a6 14. Bg4 {White has
prevented ...e7-e5 and has a small plus thanks to his pawn centre and pair of
bishops. He must now develop his pieces and then prepare f2-f4 and e4-e5.
However, Black manages to create a strong outpost on d3.} b5 15. Qe2 Ndb6 16.
Rb1 Ne5 17. Bh3 c4 18. b3 $1 Nd3 19. Bd2 (19. bxc4 Nxc1 20. Rfxc1 Nxc4) 19...
Qc7 20. g3 Nd7 {To support his knight, Black should rather do something with
the white pawn centre:} (20... Rfe8 {[%cal Ye7e6]} 21. f4 Bd4+ 22. Kh1 e6 $132)
{However, Black prefers another plan: Nb6-d7-c5 and ...e7-e5.} 21. Qe3 {
[%cal Yc3e2,Ye2d4,Yd4c6]} Rad8 22. Ne2 {This is too slow.} (22. f4 $5) 22...
N7c5 23. Nd4 Rd6 {[%cal Ye7e6]} 24. bxc4 bxc4 25. Bc3 (25. Nc6 c3) 25... Rfd8
26. Ne2 {Whie doesn't find another medicine against the 26...e6 threat but now
he remains with a bad h3 bishop and can't successfully fight against the c4
pawn supported by two formidable knights.} Bxc3 27. Nxc3 e5 $1 28. f4 Qa5 29.
fxe5 Nxe5 30. Qd4 Ncd3 31. Rb7 Qc5 32. Ne2 Re8 33. Bg2 Qxd4+ 34. Nxd4 Rc8 35.
Bh3 Rf8 $2 {Friso Nijboer was probably in a time-trouble already. Otherwise it
is unclear why he didn't dare to play} (35... Rc5 $17 {and} 36. Ne6 {doesn't
work in view of} (36. Nc6 c3) 36... fxe6 37. Bxe6+ Rxe6 38. dxe6 (38. Rb8+ Kg7
39. dxe6 Rc7) 38... Rc8) {Now, with the black rook out of play, the situation
changes dramatically.} 36. Rc7 Rb6 37. Nc6 c3 $2 {Probably a blunder.} (37...
Nxc6 38. Rxc6 Rxc6 (38... Rb2 39. Rxa6 (39. Rxc4 Rxa2 $15) 39... c3 40. Ra3 $14
) 39. dxc6 c3 40. c7 c2 41. c8=Q Rxc8 42. Bxc8 c1=Q 43. Rxc1 Nxc1 44. a3 a5 45.
Kf2 $14) (37... Kg7 38. Nxe5 Nxe5 39. Re7 Nd3 40. e5 (40. Be6 c3 41. Rexf7+
Rxf7 42. Rxf7+ Kh6 43. Rc7 c2 $1 $19) 40... c3 41. Rc7 (41. e6 c2) 41... Nxe5
42. Rxc3 $11) 38. Ne7+ Kg7 39. Rxc3 Rb2 $2 40. d6 Rd8 41. d7 $1 Rxa2 $2 (41...
Kf8 42. Nc6 Nxc6 43. Rxc6 Ne5 44. Rxa6 $18) 42. Rxd3 Nxd3 43. Nc6 Rxd7 44. Bxd7
Re2 45. Rd1 Nc5 46. e5 a5 47. Rd5 Rc2 48. Nxa5 Nxd7 49. Rxd7 Rc5 50. Nb7 Rxe5
51. Nd6 1-0

[Event "Hessen-ch int 1st"]
[Site "Willingen"]
[Date "1999.07.09"]
[Round "3"]
[White "Kortschnoj, Viktor Lvovich"]
[Black "Seul, Georg"]
[Result "1-0"]
[WhiteElo "2676"]
[BlackElo "2445"]
[PlyCount "127"]
[EventDate "1999.07.??"]
[EventType "swiss"]
[EventRounds "9"]
[EventCountry "GER"]
[SourceTitle "EXT 2001"]
[Source "ChessBase"]
[SourceDate "2000.11.22"]
[SourceVersion "1"]
[SourceVersionDate "2000.11.22"]
[SourceQuality "1"]

1. Nf3 d5 2. d4 Bf5 3. c4 e6 4. Nc3 Nf6 5. Bg5 c6 6. Nh4 Bg6 7. Nxg6 hxg6 8. e3
Nbd7 9. a3 Bd6 10. h4 Qb8 11. cxd5 exd5 12. g3 Qd8 13. Bg2 Be7 14. Qc2 O-O 15.
Bf3 Nh7 16. Bf4 Nb6 17. Be2 Re8 18. Rd1 Nf8 19. Bg4 Nbd7 20. Kf1 Nf6 21. Bf3
Nh5 22. Be5 Bd6 23. g4 Nf6 24. Bxd6 Qxd6 25. g5 N6h7 26. Ne2 Rad8 27. Kg2 Re7
28. Rh3 Ne6 29. Rg3 Ree8 30. Nc3 Nef8 31. b4 a6 32. Rh1 Qe7 33. Na4 Qd6 34. Nc5
Ne6 35. Nd3 Nef8 36. a4 Rc8 37. a5 Qe7 38. Kg1 Qd8 39. Bg2 Qe7 40. Ne5 Nd7 41.
f4 Nxe5 42. fxe5 Rcd8 43. h5 gxh5 44. g6 fxg6 45. Qxg6 Qf7 46. Qxf7+ Kxf7 47.
Rxh5 Kg8 48. Bf1 Nf8 49. Bd3 Re7 50. Kg2 Ree8 51. Bf5 Re7 52. Rgh3 g6 53. Rh8+
Kg7 54. Bd3 Rde8 55. Kg3 Rf7 56. R8h6 Re6 57. Rh2 Ree7 58. Kg4 Kg8 59. Rh8+ Kg7
60. Kg3 Re6 61. R8h4 Ree7 62. Rg4 Re6 63. Rh5 Ree7 64. Rhg5 {Rest unleserlich}
1-0

[Event "FIDE-Wch k.o."]
[Site "Las Vegas"]
[Date "1999.08.03"]
[Round "2.1"]
[White "Kortschnoj, Viktor Lvovich"]
[Black "Dolmatov, Sergey"]
[Result "1-0"]
[WhiteElo "2676"]
[BlackElo "2600"]
[Annotator "Kortschnoj,V"]
[PlyCount "43"]
[EventDate "1999.07.31"]
[EventType "k.o."]
[EventRounds "7"]
[EventCountry "USA"]
[SourceTitle "CBM 072"]
[Source "ChessBase"]
[SourceDate "1999.10.01"]
[SourceVersion "1"]
[SourceVersionDate "1999.10.01"]
[SourceQuality "1"]

1. c4 {Tyomkin,D} f5 2. Nf3 Nf6 3. g3 d6 4. d4 g6 5. Bg2 Bg7 6. O-O O-O 7. Nc3
c6 8. Qb3 Kh8 9. Rd1 Na6 (9... Qe8 {Tyomkin,D} 10. d5 Na6 11. Bd2 Nc5 12. Qa3
Bd7 13. Rac1 a5 14. Be3 Nce4 15. Nxe4 fxe4 16. Ng5 $14 {0-1 Preuschoff,
M-Kalinichev,S/BL2N 1993 (42)}) 10. Qa3 $146 {White has applied a new
treatment in a rather well-known position. He is going to start an assault on
the queen side by b2-b4-b5. Tyomkin,D: 'This moves looks very logical - white
intends to gain the space on the queenside by b2-b4 and then b4-b5. Bc1 will
be developed on-b2. In other games white tried with d4-d5, but it was helping
black to insert Na6 to the game (Na6-c5-e4). Now black has to move the knight
to-c7, preparing the standard e7-e5. The only question - if this new setup
gives white an advantage after black move e7-e5.'} Qe8 (10... Ne4 {was
interesting here:} 11. b4 c5 12. bxc5 Nxc3 13. Qxc3 Nxc5 $14 {, at least
solving a problem of a solitary standing knight a6.}) 11. b4 Nc7 ({Or} 11...
Be6 12. b5 cxb5 13. cxb5 Nc7 14. Ng5 $16) 12. Bb2 {Tyomkin,D: 'The same
question is underway: "Is standard e7-e5 good for black?" Dolmatov didn't see
a danger after 12...e5 and played it.'} (12. Rb1 $5 {was an alternative. Then
after} e5 {but} 13. b5 $1 ({white had to continue not} 13. dxe5 dxe5 14. Qa5 {
, due to the following line:} Qe7 15. Nxe5 Ne4 16. Nxe4 fxe4 17. f4 exf3 18.
Nxf3 Qxe2 $13) 13... e4 14. bxc6 bxc6 15. Qxd6 exf3 16. Bxf3 {followed by
taking on c6 with advantage.}) 12... e5 $6 {[%mdl 16384] '?' Tyomkin,D. A
dubious move. 12...Be6 or 12...d5 had to be preferred.} (12... Be6 {Tyomkin,D}
13. d5 (13. Nd2 Qf7) 13... cxd5 14. Nd4 (14. Ng5 dxc4 15. Bxb7 Rb8 16. Qxa7 h6
$15) 14... Bg8 (14... dxc4 15. Bxb7 Rb8 16. Qxa7) 15. cxd5 f4 $1 $132 (15...
Ncxd5 16. Nxd5 Nxd5 17. Nxf5 Rxf5 18. e4 $14)) 13. dxe5 dxe5 14. Qa5 {[%mdl
2048] '!' Tyomkin,D. Tyomkin,D: 'That is the point! White uses backwardness of
black in development and begins to press on weaknesses. '} Na6 (14... Qe7 15.
Nxe5 b6 $2 (15... Ne4 16. f4 $16) 16. Nxc6 $18) 15. b5 b6 {'?' Tyomkin,D. The
best.} (15... cxb5 16. cxb5 Nc5 17. b6 Nfd7 (17... Ncd7 18. Nb5) 18. Ba3) (
15... Nb8 $142 {Tyomkin,D} 16. b6 Na6 17. Qxe5 $16 Ne4 $140 18. Qxe8 Rxe8 19.
Nxe4 $1 Bxb2 20. Nd6 $16) 16. Qa3 Nc5 (16... e4 $5 17. bxa6 exf3 18. Bxf3 {
'+/-' Tyomkin,D.} Be6 19. Qa4 Rc8 20. Rd6 $6 (20. Rd2 $14) 20... Ne4 $13) 17.
bxc6 e4 18. Nd4 Qf7 (18... f4 19. gxf4 g5 20. fxg5 $2 ({Stronger is} 20. Nd5
Nxd5 (20... gxf4 21. Nxf4) 21. cxd5 gxf4 22. Kh1 Qh5 23. Rg1 $1 {and white
will repel black's assault (23...Qd5 24.Nb5!+-)}) 20... Ng4 {and white would
have serious problems.}) 19. Rac1 Be6 (19... g5 $5 {/\ f4}) (19... f4 {Tyomkin,
D} 20. gxf4 Nh5 21. e3 Nd3 22. Nxe4 $18) 20. Ncb5 a6 21. Nd6 Qc7 $2 {More
stubborn was 21...Qe7.} 22. Nb7 $1 (22. Nb7 Rae8 (22... Bf7 {Tyomkin,D} 23.
Nxc5 bxc5 24. Qxc5 {with two pawns up and completely winning position.}) 23.
Nxc5 bxc5 24. Qxc5 f4 25. Nxe6 Rxe6 26. Bxf6 Rexf6 $8 27. Bxe4 fxg3 28. fxg3
$16) 1-0

[Event "FIDE-Wch k.o. g/15+10"]
[Site "Las Vegas"]
[Date "1999.08.05"]
[Round "2.5"]
[White "Kortschnoj, Viktor Lvovich"]
[Black "Dolmatov, Sergey"]
[Result "1-0"]
[WhiteElo "2676"]
[BlackElo "2600"]
[Annotator "Tyomkin,D"]
[PlyCount "73"]
[EventDate "1999.07.31"]
[EventType "k.o. (rapid)"]
[EventRounds "5"]
[EventCountry "USA"]
[SourceTitle "CBM 072"]
[Source "ChessBase"]
[SourceDate "1999.10.01"]
[SourceVersion "1"]
[SourceVersionDate "1999.10.01"]
[SourceQuality "1"]

1. c4 f5 2. Nf3 Nf6 3. g3 d6 4. d4 g6 5. Bg2 Bg7 6. O-O O-O 7. Qb3 Kh8 $146 {
an attempt to improve blacks play from the 4th game of this match} (7... c6 {
was tried in 4th game of the match,which Dolmatov won.} 8. Rd1 Kh8 9. d5 (9.
Nc3 Qc7 10. d5 Na6 11. Nd4 e5 12. dxe6 Nc5 13. Qc2 Qe7 14. Bf4 Nh5 15. Nxc6 $18
{1-0 Fedder,S-Sorensen,I/Esbjerg 1972/MCD (27)}) 9... Qc7 10. Nd4 Bd7 11. Nc3
Na6 12. Bf4 Nh5 13. Bg5 Rae8 14. Bf3 Nf6 15. Qa3 Qc8 16. Rac1 h6 17. Bxf6 Bxf6
18. e3 $11 {0-1 Korchnoi,V-Dolmatov,S/Las Vegas USA 1999 (58)}) 8. Rd1 Na6 9.
Qa3 Qe8 (9... c6 10. Nc3 {transforms to the first game where Kortschnoj won
from the opening.}) 10. d5 Ne4 (10... c6 $5 11. Be3 (11. dxc6 bxc6 12. Nd4 Ne4)
11... Nc7 (11... Ne4 12. Bd4 $14) 12. Nc3 $14) 11. Nbd2 Nac5 12. Nxe4 fxe4 $2 {
It loses e4-pawn.After 12...Ne4 black has convenient position.} (12... Nxe4 13.
Nd4 (13. Be3 e5 14. Ne1 Nf6 $1 $132) 13... e5 14. Nb5 (14. dxe6 Bxe6 $11) 14...
Qf7 15. b4 a5 $132) 13. Ng5 e6 (13... Bf5 14. Be3 $16) 14. Be3 exd5 15. cxd5
Bf5 16. Bxc5 dxc5 17. Qxc5 h6 18. Ne6 Bxe6 19. dxe6 Qxe6 20. Qxc7 Rf7 (20...
Qf5 21. Rf1 Rf7 (21... Bxb2 $140 $2 22. Rab1 Rf7 23. Qc2 $18) 22. Qc2 $16) 21.
Qc2 Re8 22. e3 $16 {[%csl Re4] /+- White has a pawn up and quite simple plan:
to double rooks on d-file at first,then to increase pressure on the main
weakness-pawn e4,and to enter rooks by d-file.} h5 23. Rd2 (23. h4 {was not
necessary.}) 23... h4 24. Rad1 hxg3 25. hxg3 Kh7 26. Rd6 Qe7 27. Rd7 $6 {
This transposition(white exchanges 2 rooks for queen and pawn) wins too,but,in
my opinion, white had better ways to convert his advantage to win.} (27. Qb3 {
[%cal Rg2e4]} Qf8 {[%csl Rf2]}) (27. Qa4 $142 Bxb2 28. Rd7 Qf6 29. Rxf7+ Qxf7
30. Bxe4 $18 {[%cal Rd1d7]} Re7 31. Bxg6+ $1 {[%csl Rb2,Re7]}) 27... Qxd7 28.
Rxd7 Rxd7 29. Bxe4 Re6 30. b4 (30. Bf5 {was not winning material because of:}
Rc6 31. Qe2 Rdc7 32. Be4 $18) 30... b6 $2 {[%tqu "En","How can white win
material now?","","","g1g2","",0,"e4f5","",5]} 31. Kg2 $2 (31. Bf5 $1 $18 {
After last move of black, it is working.Black doesn't have Rc6.}) 31... Rf6 32.
g4 Re7 33. g5 Rfe6 34. f3 Rd6 35. Kh3 Red7 36. Kg4 Re7 $4 {The final blunder
in hopeless position.} (36... Ba1 37. f4 Kg7 38. Bc6 Rd2 (38... Rc7 39. b5 $18
{[%cal Ge3e4,Ge4e5]}) 39. Qe4 Rc7 40. Qe6 {[%csl Rg6][%cal Gc6e4]}) 37. Qh2+
1-0

[Event "FIDE-Wch k.o. g/25+10"]
[Site "Las Vegas"]
[Date "1999.08.05"]
[Round "2.3"]
[White "Dolmatov, Sergey"]
[Black "Kortschnoj, Viktor Lvovich"]
[Result "0-1"]
[WhiteElo "2600"]
[BlackElo "2676"]
[Annotator "Kortschnoj,V"]
[PlyCount "74"]
[EventDate "1999.07.31"]
[EventType "k.o. (rapid)"]
[EventRounds "6"]
[EventCountry "USA"]
[SourceTitle "CBM 072"]
[Source "ChessBase"]
[SourceDate "1999.10.01"]
[SourceVersion "1"]
[SourceVersionDate "1999.10.01"]
[SourceQuality "1"]

1. e4 e6 2. d4 d5 3. Nc3 Nf6 4. e5 Nfd7 5. f4 c5 6. Nf3 Nc6 7. Be3 cxd4 8. Nxd4
Bc5 9. Qd2 a6 10. O-O-O O-O 11. Kb1 Nxd4 12. Bxd4 b5 13. Qe3 {Since a plan,
introduced by Kasparov, - 13.h4 + 14.Rh3 - has some drawbacks, white applies a
central strategy.} Bxd4 {13...Qc7 or e7 looked more reasonable.} 14. Qxd4 Bb7 {
Black is in hesitation to choose a plan. Regarding the plan, finally chosen,
correct was} (14... Qe7 15. Bd3 b4 16. Ne2 a5 {, winning at least one tempo,
comparatively to the game.}) 15. Bd3 Qe7 ({After} 15... Qb6 {white would have
had a minimal advantage.}) ({Or after} 15... Qc7 {the position would have had
familiar features - if, say,} 16. Qf2 $6 Nc5 {we would step into waters of the
famous game Nunn-Timman (1989), where after} 17. Qh4 Ne4 {black has achieved
convenient equality.}) 16. Rhe1 b4 17. Ne2 a5 {A weakness of the square b5 may
turn out to be unpleasant. 17...Rac8 was more circumspect.} 18. Qe3 $1 $16 Nc5
{Threats Qh3 or f4-f5 are very annoying - black must be ready to eliminate the
bishop d3 at any time.} 19. Nd4 Ne4 {Apart from pawn moves, f7-f5 or g7-g6,
this is the only way to prevent f4-f5...} 20. Bxe4 $1 {...but a knight on d6
may become much stronger, than the black bishop.} dxe4 21. Nb3 $2 {Wrong!} ({
After} 21. Nb5 Bd5 22. Nd6 f5 23. g4 ({Or} 23. Rg1 {followed by g4 white had a
clear edge.})) 21... Rfc8 22. Nd2 Qc7 23. Rc1 a4 {Just in time. 24.Nxe4 is not
possible. Therefore the next move of white is more or less forced.} 24. c4 (24.
Nxe4 $2 a3 25. b3 Bxe4 26. Qxe4 Qc3 $19) 24... bxc3 25. Rxc3 Qd8 $1 26. Rxc8 $6
{In a game with a normal time control white would certainly find now a
maneouvre Nc4-d6, still with a slight advantage for white...} Rxc8 27. Nxe4 {
27.Rc1 was more solid.} Bxe4+ 28. Qxe4 Qd2 29. Qe2 {Black threatened to win
the game by Rb8.} ({The alternative was} 29. a3 Rb8 30. b4 axb3 31. Re2) 29...
Qxf4 ({Not falling into a trap:} 29... Rc1+ $2 30. Rxc1 Qxe2 31. Rc8#) 30. a3
$2 {A blunder. After} (30. g3 Qf5+ 31. Qe4 Qf2 32. Qe2 {white could hold the
position.}) 30... Qxh2 31. Qe4 h5 32. Rf1 Qg3 33. Rxf7 Kxf7 34. Qb7+ Kg6 35.
Qxc8 Qe1+ 36. Ka2 Qxe5 37. Qc2+ Kg5 {White lost on time. Presumably he tried
to evaluate a pawn ending, arising after} (37... Kg5 38. Qxa4 Qd5+ 39. Qb3 {
In fact, this endgame was lost for white, after} Kf6 $1 40. a4 Ke7 $1 {black
would stop white passed pawns,whereas black h-pawn would get promoted into a
queen...}) 0-1